| 000 | 00390nam a2200145 a 4500 | ||
|---|---|---|---|
| 001 | 1929 | ||
| 003 | CDMR | ||
| 005 | 20130318102658.0 | ||
| 008 | 130130s1995||||||||||||||||||||||||||||d | ||
| 040 |
_aCDMR _bcat _cCPC LLEIDA |
||
| 100 | 1 |
_aEchauz, Pau _91439 |
|
| 245 | 1 | 3 |
_aLa ciutat somiada _bSet diàlegs sobre la Lleida del futur _cECHAUZ, Pau |
| 260 |
_aLleida _c1995 _bPagès |
||
| 942 |
_cMON _2udc |
||
| 999 |
_c1929 _d1929 |
||